000 00275nam a2200121 a 4500
008 100923s1975|||| d
245 1 0 _aDivé palmy
100 1 _aFaulkner, William
260 _bSmena
_aBratislava
_c1975
020 _c22,50
044 _axo
_cSK
041 _aslo
999 _c10625
_d10625